• 首页
  • 本馆介绍
  • 公告通知
  • 最新文献
  • 馆藏检索
  • 电子资源
  • 读者导购
  • 参考咨询
  • 我的图书馆
  • 登录
  • 详细信息显示
  • 放入我的书架
  • 预约/预借图书
  • 作者相关作品
  • 分类相关作品
  • 丛书相关作品
  • 出版社相关作品

书目信息

  • 表格格式
  • 工作单格式
  • 卡片格式
题名:
本论喀斯特林区概论
    
 
作者: 郑颖吾 主编
分册:  
出版信息: 北京   科学出版社  1999.5
页数: 230页
开本: 16开
丛书名:
单 册:
中图分类: N82
科图分类:
主题词: 自然科学--调查 , 自然科学--考察
电子资源:
ISBN: 7-03-007315-0
000 00589nam0 2200205 45
001 0103261012
005 20031219104049.2
010    @a7-03-007315-0@dCNY48.00
100    @a20010326d1999 km y0chiy0120 ea
101 0  @achi
105    @a z 000yy
200 1  @a本论喀斯特林区概论@ABen Lun Ka Si Te Lin Qu Gai Lun@f郑颖吾主编@FZheng Ying Wu Zhu Bian
210    @a北京@c科学出版社@d1999.5
215    @a230页@c附图版@d16开
606 0  @a自然科学@x调查
606 0  @a自然科学@x考察
690    @aN82@v1
701  0 @a郑颖吾@4主编
801    @aCN@bTSTC@c20010326
905    @b296021-025@dN82@e4@f5
    
    本论喀斯特林区概论/郑颖吾主编.-北京:科学出版社,1999.5
    230页:附图版;16开
    
    
    ISBN 7-03-007315-0:CNY48.00
    
●
相关链接 在E读中查询图书 在五车中查询图书 在当当中查询图书 在豆瓣中查询图书


正题名:本论喀斯特林区概论     索取号:N82/4         预约/预借

序号 登录号 条形码 馆藏地/架位号 状态 备注
1 0296021   002960219   第三借阅区/ [索取号:N82/4] 在馆    
2 0296022   002960228   第三借阅区/ [索取号:N82/4] 在馆    
3 0296023   002960237   第三借阅区/ [索取号:N82/4] 在馆    
4 0296024   002960246   第三借阅区/ [索取号:N82/4] 在馆    
5 0296025   002960255   第二样本阅览室/ [索取号:N82/4] 在馆    
唐山师范学院图书馆 欢迎您!
大连网信软件有限公司© 版权所有